00786ngm a22002297a 450000500170000000800410001704100080005808200120006610000250007824501120010326000150021526000090023026000090023930000150024844000780026350001110034165000150045265000160046765000280048365000240051165000210053520220614164806.0150518b xxu||||| |||| 00| 0 spa d aspa a378 DVD aDa Fonseca, Víctor aNeuroplasticidad y aprendizaje. (VII Conferencia Mundial de Estimulación Prenatal y Desarrollo Infantil) aCosta Rica bUNED c2014 a45 minutos aVII Convención Mundial de Estimulación Prenatal y Desarrollo Infantil aEn el vídeo se exponen las habilidades del cerebro para adaptarse y lograr obtener nuevos conocimiento aCOSTA RICA aAPRENDIZAJE aESTIMULACIÓN PRENATAL aDESARROLLO INFANTIL aNEUROPLASTICIDAD